000
00322nam a22001337a 4500
008
170808b xxu||||| |||| 00| 0 eng d
020
_a
9780833031105
041
_a
eng
080
_a
004
100
_a
35
101
_a
SHKI
245
_a
CONDUCTING RESEARCH SURVEYS VIA E-MAIL AND THE WEB
_c
SCHONLAU, M
942
_2
udc
_c
BK
999
_c
22919
_d
22919